Logo BPK

Bibliografia Prac Pracowników

Politechniki Koszalińskiej

Wyzwania dla polityki społecznej / (Rekord nr 1571)

Szczegóły MARC
000 -ETYKIETA REKORDU
podpole kontrolne o stałej długości 00973naa a2200193 i 4500
001 - NUMER KONTROLNY REKORDU
podpole kontrolne 1571
003 - IDENTYFIKATOR NUMERU KONTROLNEGO REKORDU
podpole kontrolne KOSZ 005
005 - DATA OSTATNIEJ MODYFIKACJI REKORDU
podpole kontrolne 20180124104531.0
008 - POLE O STAŁEJ DŁUGOŚCI - DANE KONTROLNE
podpole kontrolne o stałej długości 150429s2009 pl n f |000 0pol
040 ## - ŹRÓDŁO KATALOGOWANIA
Instytucja, która utworzyła rekord BPK
Instytucja, która dokonała modyfikacji KOSZ 005/EG
080 ## - UNIWERSALNA KLASYFIKACJA DZIESIĘTNA - UKD
UKD 304
100 1# - NAZWA OSOBOWA
Nazwa osobowa GABRYSZAK, Renata.
Lata pracy 2003 - .
Instytucja Politechnika Koszalińska - Instytut Ekonomii i Zarządzania,
Wydział Katedra Mikroekonomii i Ekonomii Stosowanej
245 10 - TYTUŁ/ODPOWIEDZIALNOŚĆ
Tytuł Wyzwania dla polityki społecznej /
Pozostałe elementy strefy tytułu i oznaczenia odpowiedzialności Renata Gabryszak.
500 ## - UWAGI OGÓLNE
Tekst uwagi Dane z autopsji.
520 ## - UWAGA DOTYCZĄCA TREŚCI DOKUMENTU
Analiza dokumentacyjna, adnotacja itp. W artykule poruszono problem nierówności i patologii społecznych, motywy migracji międzynarodowych ludności oraz modele państwa i argumenty przemawiające za ograniczeniem jego funkcji socjalnych.
650 #0 - HASŁO PRZEDMIOTOWE W FORMIE NAZWY OGÓLNEJ LUB JEDNOSTKOWEJ
Nazwa ogólna lub geograficzna Polityka społeczna.
773 0# - TYTUŁ DOKUMENTU MACIERZYSTEGO
Wyrażenie wprowadzające W :
Tytuł Wprowadzenie do polityki społecznej : praca zbiorowa / pod red. Renaty Gabryszak i Dariusza Magierka. -
Adres wydawniczy Warszawa : Centrum Doradztwa i Informacji Difin, 2009. -
Informacje dotyczące relacji s. 235-253
942 ## - HASŁO DODATKOWE - ELEMENTY(KOHA)
Typ dokumentu Rozdział
Schemat klasyfikacji Uniwersalna klasyfikacja dziesiętna
Egzemplarze
Wycofany Zagubiony Uszkodzony Dostępność Lokalizacja stała Lokalizacja bieżąca Sygnatura Typ dokumentu
      Dostępny Bibliografia Prac Pracowników - BPK Bibliografia Prac Pracowników - BPK 91459 Rozdział
© 2014 Biblioteka Politechniki Koszalińskiej :: BIBLIOGRAFIA PRAC PRACOWNIKÓW